000
00230nam a22000857a 4500
008
160719b xxu||||| |||| 00| 0 eng d
100
_9
3067
_a
Andersen, H.C
245
_a
The Ugly Duckling
260
_a
New Delhi
_b
Orient Publication
_c
2005
999
_c
2630
_d
2630